Die Franzosen (Запис номер 211226)
[ съкратено ]
| 000 -Лидер | |
|---|---|
| Контролно поле с фиксирана дължина | 01108nkm a2200337 c 4500 |
| 003 - Код на организацията, давaща контролен номер | |
| Контролно поле | BLK |
| 005 - Дата и час на последна редакция | |
| Контролно поле | 20210217160331.0 |
| 008 - Елементи от данни с фиксирана дължина | |
| fixed length control field | 180412b bul rap|r|||| r0| ||bulo| |
| 010 ## - Наследен системен номер | |
| LC control number | KNG00178029000 |
| 040 ## - Източник на каталожния запис | |
| Идентификатор на билиотеката - собственик на записа | BLK |
| 041 ## - Код за език | |
| Код за езика на текст/звукозапис или на отделно заглавие | Немски |
| Код за езика КДБФ | Немски |
| 080 ## - УДК | |
| Текстов определител УДК | Графични изкуства. Графика. Гравюра |
| УДК код - определител по УДК | 76 |
| УДК - код + определител | 76 |
| 139 ## - Редно поле | |
| Редна дума | Die Franzosen |
| Авторски знак | Die - D 55 |
| 245 10 - Сведения за заглавието | |
| Заглавие | Die Franzosen |
| Подзаглавни данни | Katalog und Zeugnisse |
| Редно поле (дума) | bearb. Gerhard Femmel. |
| 257 ## - Страна на издаване | |
| Страна на създаване/издаване | Германия |
| 260 ## - Област на издателските данни | |
| Име на издателя, разпространителя и проч. | Seemann |
| Година на издаване | 1980 |
| Място на издаване, разпространение и проч. | Leipzig |
| 300 ## - Физическа характеристика | |
| Страници | 677 s. |
| Илюстрации и др. | Ill. |
| Размери/Мащаб | 26 cm |
| 380 ## - Жанр | |
| Жанр | Изкуство |
| 490 ## - СЕРИИ (Колекции) | |
| Име на серия | Goethes Sammlungen zur Kunst, Literatur und Naturwissenschaft |
| 9 (RLIN) | 208063 |
| 490 ## - СЕРИИ (Колекции) | |
| Име на серия | Goethes Grafiksammlung |
| 9 (RLIN) | 208064 |
| 600 14 - Име на лице, използвано като предмет | |
| За него / За нея | Гьоте, Йохан Волфганг фон |
| 9 (RLIN) | 363966 |
| 650 #4 - Допълнително описание по предмет – тема | |
| Основно описание – тема или топоним | Графика |
| 9 (RLIN) | 152559 |
| 650 #4 - Допълнително описание по предмет – тема | |
| Основно описание – тема или топоним | Изобразително изкуство |
| 9 (RLIN) | 260464 |
| 653 ## - Ключова дума – ненормативна | |
| Ключова дума | графика |
| 700 1# - Други автори (авторска отговорност) | |
| Лично име | Femmel, Gerhard |
| Автороска отговорност (Описва отношението между автора и произведението) | bearb. |
| 9 (RLIN) | 9903 |
| 852 ## - Местоположение | |
| Форматна сигнатура | Цб ІІ 26719 |
| 856 4# - Електронен адрес и достъп | |
| Електронен формат | pdf - файл |
| Път до файла /url/ | |
| 856 4# - Електронен адрес и достъп | |
| Електронен формат | pdf - файл |
| Път до файла /url/ | |
| 999 ## - СИСТЕМНИ КОНТРОЛНИ НОМЕРА | |
| Koha biblionumber | 211226 |
| Koha biblioitemnumber | 211226 |
| 942 ## - АРТИКУЛИ | |
| Вид на библиотечния материал | Графични издания |
| Скрит в OPAC | Не |
| Периодичен библиозапис | Да |
| 944 ## - СЪЗДАВАНЕ И РЕДАКЦИЯ на ЗАПИСА | |
| Създаване/Редакция | Създаване |
| Дата на регистрацията/редакция | 10.07.2015 |
| Служител, извършил регистрацията/редакцията | Ирена_Линкова |
| 944 ## - СЪЗДАВАНЕ И РЕДАКЦИЯ на ЗАПИСА | |
| Създаване/Редакция | Редакция |
| Дата на регистрацията/редакция | 05.02.2016 |
| Служител, извършил регистрацията/редакцията | Кети_Илиева |
| 999 ## - СИСТЕМНИ КОНТРОЛНИ НОМЕРА | |
| Koha biblioitemnumber | 211226 |
| 999 ## - СИСТЕМНИ КОНТРОЛНИ НОМЕРА | |
| Koha biblioitemnumber | 211226 |
| Код за отписване | Код за изгубен артикул | Източник на класификационната схема | Код за повреда | Коз за рестрикции | Код за отдаване | Артикулен № | Име на библиотеката - собственик | Име на библиотеката, в която се намира в момента | Статус (Текущо местоположение) | Дата на вписване в системата | Местоположение - отдел | Цена в лева | Инвентарен номер | Систематично азбучна сигнатура | Баркод | Номер на екземпляра | Цена в евро | Служебна бележка | Служебен тип на артикула |
|---|---|---|---|---|---|---|---|---|---|---|---|---|---|---|---|---|---|---|---|
| Не е изгубен | Universal Decimal Classification | Не е повреден | без рестрикции | ползва се в читалня | 363122 | Регионална библиотека "Любен Каравелов" Русе | Регионална библиотека "Любен Каравелов" Русе | Хранилище | 1980-01-01 | Основен фонд - ползва се само за читалня | 15.40 | 489552 | Цб ІІ 26719 | 120000489552 | 1 | 7.87 | Дост: Pk Вид: Ф N: сф Дата: 01.01.1980 | Графични издания |